Spravodlivosť a efektívnosť v zdaňovaní v rámci EÚ diplomová práca

Enregistré dans:
Détails bibliographiques
Auteur principal: Panáková, Anna
Collectivité auteur: Národohospodárska fakulta EU. Katedra financií
Autres auteurs: Válek, Juraj, 1981-
Format: Livre
Langue:slovaque
Publié: Bratislava 2017
Tags: Ajouter un tag
Pas de tags, Soyez le premier à ajouter un tag!

MARC

LEADER 00000nbm a2200000 4500
001 0231825
005 20171127150209.1
041 0 |a slo 
044 |a SK 
245 1 0 |a Spravodlivosť a efektívnosť v zdaňovaní v rámci EÚ  |b diplomová práca  |c Anna Panáková ; školiteľ: Juraj Válek 
264 1 |a Bratislava  |c 2017 
300 |a 69 s. 
100 1 |a Panáková, Anna 
700 1 |a Válek, Juraj, 1981- 
710 2 |a Národohospodárska fakulta EU. Katedra financií